Основные направления развития системы подготовки студентов по курсу "Безопасность жизнедеятельности" (Запись № 735080)

Подробности
000 -МАРКЕР
контрольное поле 02073nam0a2200337 4500
001 - ИДЕНТИФИКАТОР ЗАПИСИ
контрольное поле RU\NLR\bibl\433897
005 - ИДЕНТИФИКАТОР ВЕРСИИ
контрольное поле 20260408194851.0
021 ## - НОМЕР ГОСУДАРСТВЕННОЙ РЕГИСТРАЦИИ
Код страны российская федерация
Номер 2003-44840
Номер Листа государственной регистраци 2136
035 ## - ДРУГИЕ СИСТЕМНЫЕ НОМЕРА
Идентификатор записи (NLR Aleph) 000427721
100 ## - ДАННЫЕ ОБЩЕЙ ОБРАБОТКИ
Данные общей обработки 20030905d2003 |||y0rusy50 ca
101 0# - ЯЗЫК РЕСУРСА
Язык текста, звукозаписи и т.д. русский
102 ## - СТРАНА ПУБЛИКАЦИИ ИЛИ ПРОИЗВОДСТВА
Страна публикации российская федерация
105 ## - ПОЛЕ КОДИРОВАННЫХ ДАННЫХ: ТЕКСТОВЫЕ МАТЕРИАЛЫ, МОНОГРАФИЧЕСКИЕ
Кодированные данные о монографическом текстовом документе y |||||||||
200 1# - ЗАГЛАВИЕ И СВЕДЕНИЯ ОБ ОТВЕТСТВЕННОСТИ
Основное заглавие Основные направления развития системы подготовки студентов по курсу "Безопасность жизнедеятельности"
Сведения, относящиеся к заглавию Материалы Межвуз науч.-метод. семинара, 27 марта 2003 г.
Первые сведения об ответственности [Редкол.: Смирнов С.А. и др.]
210 ## - ПУБЛИКАЦИЯ, РАСПРОСТРАНЕНИЕ И ДР.
Место издания, распространения и т.д. Звенигород
Имя издателя, распространителя и т. д. Изд-во МГУЛ
Дата издания, распространения и т.д. 2003
215 ## - ФИЗИЧЕСКАЯ ХАРАКТЕРИСТИКА
Специфическое обозначение материала и объем 57 с.
Размеры 21
300 ## - ОБЩИЕ ПРИМЕЧАНИЯ
Текст примечания В надзаг.: М-во по делам гражд. обороны и чрезвычайн. ситуациям по Моск. обл. Учеб.- метод. центр По ГОЧС
320 ## - ПРИМЕЧАНИЯ О НАЛИЧИИ В ДОКУМЕНТЕ БИБЛИОГРАФИИ / УКАЗАТЕЛЯ
Текст примечания Библиогр.: с. 56-57 (32 назв.)
606 ## - НАИМЕНОВАНИЕ ТЕМЫ КАК ПРЕДМЕТ
Наименование темы Безопасность жизнедеятельности
Тематический подзаголовок Преподавание
-- Высшая школа
Формальный подзаголовок Сборники
Идентификатор авторитетной/нормативной записи RU\NLR\AUTH\661310239
Системный номер авторитетной/нормативной записи 2178560
606 ## - НАИМЕНОВАНИЕ ТЕМЫ КАК ПРЕДМЕТ
Наименование темы Безопасность жизнедеятельности
Тематический подзаголовок Методика преподавания
-- Высшие учебные заведения
Формальный подзаголовок Сборники
Идентификатор авторитетной/нормативной записи RU\NLR\auth\661377985
Системный номер авторитетной/нормативной записи 2301698
686 1# - ИНДЕКСЫ ДРУГИХ КЛАССИФИКАЦИЙ
Индекс Ч486.99я431
702 #1 - ИМЯ ЛИЦА - ВТОРИЧНАЯ ОТВЕТСТВЕННОСТЬ
Код отношения Редактор
Материалы, к которым относится поле rus
Графика поля Кириллица
Начальный элемент ввода Смирнов
Часть имени, кроме начального элемента ввода С. А.
Дополнения к именам, кроме дат спец. по вопросам безопасности жизнедеятельности
Расширение инициалов личного имени Сергей Александрович
Идентификатор авторитетной/нормативной записи RU\NLR\auth\7730925
Системный номер авторитетной/нормативной записи 13942
712 02 - НАИМЕНОВАНИЕ ОРГАНИЗАЦИИ - ВТОРИЧНАЯ ОТВЕТСТВЕННОСТЬ
Код отношения Прочие
Начальный элемент ввода Учебно-методический центр по гражданской обороне и чрезвычайным ситуациям Московской области
Идентификатор авторитетной/нормативной записи RU\NLR\AUTH\8810048172
Системный номер авторитетной/нормативной записи 596412
801 #0 - ИСТОЧНИК ЗАПИСИ
Страна российская федерация
Организация NLR
Дата составления 20030905
Правила каталогизации PSBO
801 #1 - ИСТОЧНИК ЗАПИСИ
Страна российская федерация
Организация NLR
Дата составления 20030905
942 ## - ДОПОЛНИТЕЛЬНЫЕ ЭЛЕМЕНТЫ ЗАПИСИ (АБИС)
Тип экземпляра АБИС Книга
980 ## - КОЛЛЕКЦИЯ
Название коллекции Национальная библиография
980 ## - КОЛЛЕКЦИЯ
Название коллекции НБР
Экземпляры
Тип экземпляра Дата поступления Источник поступления Библиотека постоянного хранения Библиотека текущего хранения Место хранения Шифр хранения Штрих-код Статус не для выдачи
Книга 05.09.2003 Обязательный экземпляр РНБ (Московский) РНБ (Московский) Русский книжный фонд: издания с 1957 года, 3этаж 2003-4/16877 543142